000 00595nam a2200229Ia 4500
003 OSt
005 20220924141226.0
006 a|||||r|||| 00| 0
007 ta
008 220923b |||||||| |||| 00| 0 ben d
024 _a297612
037 _cTextual
040 _aARTS
_cARTS
_bben
041 _2ben
_aben
082 _aO157,6N1,1x, L0.1
100 _aDas Gupta R. K. Ed.
_9212010
245 0 _aBibidh Bangla prabandh
260 _c1970
650 _aBENGALI LITERATURE
942 _hO157,6N1,1x, L0.1
_cTEXL
_2CC
999 _c446650
_d446650